Pokémon - Les attaques de Créfadet - Statistiques

Statistiques générales
  • Ce quiz a été pris 17 fois
  • Le résultat moyen est 9 sur 13
Statistiques - réponses
Niveaux Types Noms des attaques % Correct
Départ Psy Choc Mental
100%
Niveau 49 Psy Psyko
100%
Niveau 21 Psy Rafale Psy
100%
Niveau 35 Psy Extrasenseur
89%
Niveau 14 Combat Détection
78%
Niveau 63 Psy Prescience
78%
Niveau 42 Ténèbres Machination
67%
Départ Psy Repos
67%
Niveau 7 Normal Météores
56%
Niveau 28 Psy Possessif
44%
Niveau 56 Normal Brouhaha
33%
Niveau 70 Normal Dernier Recours
33%
Niveau 77 Normal Explosion
33%
Aucun quiz correspondant
Distribution des résultats
% des personnes avec chaque résultat
Percentile par nombre de réponses
Votre historique - résultats
Vous n’avez pas pris ce quiz